000 00602cab a2200205 4500
001 WB3309-24
008 090401t1997 xxu||||| |||| 00| 0 eng d
035 _a(Sirsi) u59814
041 _aeng
245 _aCoopers leading PFI adviser
260 _c1997
350 _a0
490 _aAccountancy Age
_v13 February 1997, 6(1)
520 _aCoopers and Lybrand is the leading financial adviser on PFI projects valued at £5m and above. Table.
650 _aPFI PROJECTS
650 _aPROJECT ADVISERS
690 _aPROPERTY-PROPERTY FINANCE AND INVESTMENT
942 _n0
948 _c04/03/1997
999 _c36776
_d36776